La novela de un perseguido

Salvato in:
Dettagli Bibliografici
Autore principale: Romero, Alberto (Autore)
Natura: Libro
Lingua:spagnolo
Pubblicazione: Santiago Nascimento 1931
Edizione:1a. ed
Soggetti:
Tags: Aggiungi Tag
Nessun Tag, puoi essere il primo ad aggiungerne!!

MARC

LEADER 00000nam a2200000 a 4500
001 UCJ4272
003 CL-VaPUC
008 070124e19310000CL |||||||||||||||||spa|d
082 0 4 |a Ch863  |b ROM  |2 21 
100 0 |a Romero, Alberto  |e author  |9 507623 
245 1 3 |a La novela de un perseguido 
250 |a 1a. ed 
300 |a 153 p 
942 |c BK 
945 |d 20070124 00:00:00  |a rinostro 
260 |a Santiago  |b Nascimento  |c 1931 
600 0 |a Ibáñez del Campo, Carlos  |9 308285 
650 7 |a NOVELA HISTORICA  |2 CL-VaPUC  |9 315497 
650 0 |a Presidentes de Chile  |9 268293 
650 7 |a DICTADURA DE IBAÑEZ  |2 CL-VaPUC  |9 506019 
650 0 |a Represión política  |9 479457 
583 |a last modification  |c 20070124 00:00:00  |k Rodrigo Vera 
999 |c 320389  |d 320387 
952 |0 0  |1 0  |4 0  |6 CH_863_000000000000000_ROM_1931  |7 0  |8 X  |9 398902  |a FDOBUD  |b FDOBUD  |d 2019-11-22  |i 1016091  |o Ch863 ROM 1931  |p 1016091  |r 2019-11-22  |w 2019-11-22  |y BK_X  |k BUD